[Event "ROM-chT"]
[Site "Mamaia"]
[Date "2019.09.25"]
[Round "5.4"]
[White "Szabo, Attila"]
[Black "Nevednichy, Vladislav"]
[Result "0-1"]
[WhiteElo "2239"]
[BlackElo "2522"]
[PlyCount "72"]
[EventDate "2019.09.21"]
[EventType "team-tourn"]
[EventRounds "9"]
[EventCountry "ROU"]
[SourceTitle "EXT 2020"]
[Source "ChessBase"]
[SourceDate "2019.10.17"]
[SourceVersion "1"]
[SourceVersionDate "2019.10.17"]
[SourceQuality "1"]
[WhiteTeam "Baia Mare Municipiului"]
[BlackTeam "Iasi Politehnica"]
[WhiteTeamCountry "ROU"]
[BlackTeamCountry "ROU"]

1. e4 c5 2. Nf3 d6 3. Bb5+ Nd7 4. d4 Ngf6 5. Nc3 cxd4 6. Nxd4 a6 7. Bxd7+ Bxd7 8. 0-0 b5 9. Re1 e6 10. Bg5 Be7 11. Qd3 0-0 12. a3 Qb6 13. Rad1 Rfc8 14. Nb3 Be8 15. Bf4 Rd8 16. h3 a5 17. Be3 Qb7 18. f3 b4 19. axb4 Qxb4 20. Bc1 Nd7 21. Nd4 Nc5 22. Qe2 Rab8 23. Kh2 a4 24. Nb1 Bh4 25. g3 Bf6 26. c3 Qb7 27. Na3 Nb3 28. Nxb3 Qxb3 29. Rd3 Qb7 30. Red1 Be7 31. Kg2 d5 32. c4 dxe4 33. Qxe4 Qxe4 34. fxe4 Rxd3 35. Rxd3 Bc6 36. Rd1 Bxe4+ 0-1

[Event "ROM-chT"]
[Site "Mamaia"]
[Date "2019.09.22"]
[Round "2.1"]
[White "Manolache, Marius"]
[Black "Szabo, Attila"]
[Result "1-0"]
[WhiteElo "2548"]
[BlackElo "2239"]
[PlyCount "61"]
[EventDate "2019.09.21"]
[EventType "team-tourn"]
[EventRounds "9"]
[EventCountry "ROU"]
[SourceTitle "EXT 2020"]
[Source "ChessBase"]
[SourceDate "2019.10.17"]
[SourceVersion "1"]
[SourceVersionDate "2019.10.17"]
[SourceQuality "1"]
[WhiteTeam "Timisoara Medicina"]
[BlackTeam "Baia Mare Municipiului"]
[WhiteTeamCountry "ROU"]
[BlackTeamCountry "ROU"]

1. d4 d5 2. c4 c6 3. Nf3 Nf6 4. e3 g6 5. Nc3 Bg7 6. a4 0-0 7. Be2 Ne4 8. a5 Nxc3 9. bxc3 dxc4 10. Bxc4 Nd7 11. 0-0 c5 12. e4 Qc7 13. Qe2 e5 14. Bb2 Rb8 15. Rfb1 exd4 16. cxd4 cxd4 17. Nxd4 Ne5 18. Bd5 Bg4 19. f3 Bd7 20. Rc1 Nc6 21. Nb5 Qd8 22. Nd6 Nxa5 23. Bxg7 Qb6+ 24. Kh1 Kxg7 25. Nxf7 Nc6 26. Qd2 Qd4 27. Qh6+ Kf6 28. Rd1 Qc3 29. Rac1 Qb2 30. Ng5 Rh8 31. Nxh7+ 1-0

[Event "ROM-chT"]
[Site "Sovata"]
[Date "2018.12.01"]
[Round "8.3"]
[White "Szabo, Attila"]
[Black "Vajda, Levente"]
[Result "0-1"]
[WhiteElo "2263"]
[BlackElo "2547"]
[PlyCount "54"]
[EventDate "2018.11.24"]
[EventType "team-tourn"]
[EventRounds "9"]
[EventCountry "ROU"]
[SourceTitle "CBM 187 Extra"]
[Source "ChessBase"]
[SourceDate "2018.11.04"]
[SourceVersion "1"]
[SourceVersionDate "2018.11.04"]
[SourceQuality "1"]
[WhiteTeam "Baia Mare Municipiului"]
[BlackTeam "Timisoara Vest Univ"]
[WhiteTeamCountry "ROU"]
[BlackTeamCountry "ROU"]

1. e4 d6 2. d4 Nf6 3. Nc3 e5 4. Nf3 Nbd7 5. Bc4 Be7 6. 0-0 0-0 7. Re1 c6 8. a4 b6 9. b3 a6 10. Ba3 Bb7 11. Qd2 b5 12. axb5 axb5 13. dxe5 Rxa3 14. Rxa3 dxe5 15. Ra7 Qb8 16. Rxb7 Qxb7 17. Bf1 Bb4 18. Re2 Qb6 19. h3 Qa5 20. Re3 Nc5 21. Nxe5 Ncxe4 22. Nxc6 Nxd2 23. Nxa5 Nxf1 24. Kxf1 Bxa5 25. Nxb5 Rd8 26. c3 Rd1+ 27. Re1 Rd5 0-1

[Event "ROM-chT"]
[Site "Sovata"]
[Date "2018.11.26"]
[Round "3.5"]
[White "Szabo, Attila"]
[Black "Marin, Mihail"]
[Result "0-1"]
[WhiteElo "2263"]
[BlackElo "2555"]
[PlyCount "126"]
[EventDate "2018.11.24"]
[EventType "team-tourn"]
[EventRounds "9"]
[EventCountry "ROU"]
[SourceTitle "CBM 187 Extra"]
[Source "ChessBase"]
[SourceDate "2018.11.04"]
[SourceVersion "1"]
[SourceVersionDate "2018.11.04"]
[SourceQuality "1"]
[WhiteTeam "Baia Mare Municipiului"]
[BlackTeam "Timisoara Medicina"]
[WhiteTeamCountry "ROU"]
[BlackTeamCountry "ROU"]

1. e4 e6 2. d4 d5 3. exd5 exd5 4. Nf3 Nf6 5. Bd3 c5 6. 0-0 Nc6 7. Re1+ Be7 8. dxc5 0-0 9. c3 Bxc5 10. Be3 Be7 11. h3 Ne4 12. Nbd2 Bf5 13. Qb1 Nxd2 14. Nxd2 Bg6 15. Bxg6 hxg6 16. Nf3 Bf6 17. Qd3 Qa5 18. Nd4 Ne5 19. Qb5 Qxb5 20. Nxb5 Nc4 21. Rab1 Nxe3 22. Rxe3 a6 23. Nd4 Bxd4 24. cxd4 Rac8 25. Rc3 Rxc3 26. bxc3 b5 27. a4 bxa4 28. Ra1 a5 29. Rxa4 Ra8 30. Kf1 Kf8 31. Ke2 Ke7 32. Kd3 Kd6 33. c4 dxc4+ 34. Kxc4 g5 35. Kd3 Kd5 36. f3 Ra6 37. Kc3 Ra7 38. Kd3 Ra8 39. Kc3 Ke6 40. Kd3 f6 41. Ke4 Ra6 42. Ke3 Kd5 43. Kd3 Ra7 44. Kc3 Kc6 45. Kc4 Ra8 46. Kc3 Ra6 47. Kc4 Ra7 48. Kc3 Kb5 49. Rc4 a4 50. Rb4+ Kc6 51. Kb2 a3+ 52. Ka2 Kd5 53. g3 Re7 54. h4 gxh4 55. gxh4 Re3 56. Rb7 Kxd4 57. Rxg7 Rxf3 58. h5 Rh3 59. Rh7 Ke5 60. Rh8 Kf4 61. h6 Kf5 62. Ka1 Kg6 63. Rg8+ Kh7 0-1

[Event "Tasnad op"]
[Site "Tasnad"]
[Date "2018.09.14"]
[Round "5"]
[White "Casangiu, Paul Horatiu"]
[Black "Szabo, Attila"]
[Result "1-0"]
[WhiteElo "2012"]
[BlackElo "2282"]
[PlyCount "54"]
[EventDate "2018.09.11"]
[EventType "swiss"]
[EventRounds "9"]
[EventCountry "ROU"]
[SourceTitle "CBM 186 Extra"]
[Source "ChessBase"]
[SourceDate "2018.08.24"]
[SourceVersion "1"]
[SourceVersionDate "2018.08.24"]
[SourceQuality "1"]

1. c4 c5 2. Nc3 Nf6 3. Nf3 b6 4. g3 Bb7 5. Bg2 e6 6. 0-0 Be7 7. b3 0-0 8. Bb2 d5 9. cxd5 Nxd5 10. Rc1 Nc6 11. Nxd5 exd5 12. d4 Rc8 13. Qd2 Qd7 14. Rfd1 Rfd8 15. dxc5 bxc5 16. Ng5 Qf5 17. h4 Bxg5 18. hxg5 Ne5 19. Qf4 Qxf4 20. gxf4 Ng6 21. e3 Nh4 22. Bh1 Rd6 23. Ba3 Ra6 24. Bxc5 Rxa2 25. Bxd5 Nf3+ 26. Kg2 Bxd5 27. Rxd5 Ra8 1-0

[Event "Tasnad op"]
[Site "Tasnad"]
[Date "2018.09.14"]
[Round "6"]
[White "Szabo, Attila"]
[Black "Grancea, Valentin Gheorghe"]
[Result "1-0"]
[WhiteElo "2282"]
[BlackElo "1538"]
[PlyCount "89"]
[EventDate "2018.09.11"]
[EventType "swiss"]
[EventRounds "9"]
[EventCountry "ROU"]
[SourceTitle "CBM 186 Extra"]
[Source "ChessBase"]
[SourceDate "2018.08.24"]
[SourceVersion "1"]
[SourceVersionDate "2018.08.24"]
[SourceQuality "1"]

1. e4 c5 2. Nf3 e6 3. d4 cxd4 4. Nxd4 Nc6 5. Nc3 Nf6 6. Ndb5 d6 7. Bf4 e5 8. Bg5 a6 9. Bxf6 gxf6 10. Na3 b5 11. Nd5 Be6 12. Bd3 Rc8 13. 0-0 h5 14. c4 b4 15. Nc2 a5 16. f4 h4 17. Kh1 h3 18. g3 Bg7 19. Qf3 Rb8 20. b3 Ne7 21. Nce3 f5 22. fxe5 Bxe5 23. Rad1 fxe4 24. Bxe4 Nc6 25. Bf5 Kd7 26. Bxe6+ fxe6 27. Qf7+ Ne7 28. Nf6+ Bxf6 29. Qxf6 Rf8 30. Qd4 Rxf1+ 31. Rxf1 Qb6 32. Qxb6 Rxb6 33. g4 Rb8 34. Rf3 Rh8 35. Kg1 Rh7 36. Kf2 Ng6 37. Kg3 e5 38. Nd5 Kc6 39. Rf6 Nh8 40. g5 Rg7 41. Kg4 Kc5 42. Kf5 Nf7 43. g6 Nh6+ 44. Kg5 Ng8 45. Rf7 1-0

[Event "Tasnad op"]
[Site "Tasnad"]
[Date "2018.09.13"]
[Round "4"]
[White "Omelja, Artem"]
[Black "Szabo, Attila"]
[Result "1-0"]
[WhiteElo "2437"]
[BlackElo "2282"]
[PlyCount "33"]
[EventDate "2018.09.11"]
[EventType "swiss"]
[EventRounds "9"]
[EventCountry "ROU"]
[SourceTitle "CBM 186 Extra"]
[Source "ChessBase"]
[SourceDate "2018.08.24"]
[SourceVersion "1"]
[SourceVersionDate "2018.08.24"]
[SourceQuality "1"]

1. d4 d5 2. c4 e6 3. Nf3 Nf6 4. Nc3 Be7 5. Bf4 0-0 6. e3 dxc4 7. Bxc4 a6 8. 0-0 b5 9. Bd3 Bb7 10. Qe2 c5 11. dxc5 Bxc5 12. Rfd1 Nbd7 13. Ne5 g6 14. Be4 Ra7 15. Bc6 Ba8 16. Bxd7 Nxd7 17. Qd3 1-0

[Event "Tasnad op"]
[Site "Tasnad"]
[Date "2018.09.12"]
[Round "2"]
[White "Baratosi, Daniel"]
[Black "Szabo, Attila"]
[Result "1/2-1/2"]
[WhiteElo "2375"]
[BlackElo "2282"]
[PlyCount "114"]
[EventDate "2018.09.11"]
[EventType "swiss"]
[EventRounds "9"]
[EventCountry "ROU"]
[SourceTitle "CBM 186 Extra"]
[Source "ChessBase"]
[SourceDate "2018.08.24"]
[SourceVersion "1"]
[SourceVersionDate "2018.08.24"]
[SourceQuality "1"]

1. e4 c5 2. Nf3 Nc6 3. Nc3 g6 4. d4 cxd4 5. Nxd4 Bg7 6. Be3 Nf6 7. Nxc6 bxc6 8. e5 Ng8 9. Bd4 Qc7 10. f4 Nh6 11. Qd2 Nf5 12. Bf2 d6 13. 0-0-0 0-0 14. g4 Nh6 15. h3 dxe5 16. f5 Kh8 17. Be3 Ng8 18. fxg6 fxg6 19. g5 Bf5 20. Bg2 Rad8 21. Qe2 e4 22. Na4 Rd5 23. Rde1 Rfd8 24. Rhg1 Qa5 25. b3 Bd4 26. Rd1 e5 27. Rge1 Ne7 28. Bd2 Qc7 29. Bxe4 Bxe4 30. Qxe4 Nf5 31. c4 R5d7 32. Kc2 Kg8 33. Bc1 Re7 34. Kb1 Ng3 35. Qg4 Nf5 36. h4 Rde8 37. Re4 Nd6 38. Re2 Qd7 39. Qxd7 Rxd7 40. Ba3 Nb7 41. Bc5 Red8 42. Bxd4 exd4 43. Re5 Kf7 44. Kc2 Re7 45. Rf1+ Ke8 46. Rxe7+ Kxe7 47. Kd3 c5 48. Rf6 Rd6 49. Rxd6 Kxd6 50. a3 a5 51. Nb6 Ke5 52. Nd7+ Kf5 53. Nf8 Kg4 54. Nxh7 Kxh4 55. b4 axb4 56. axb4 cxb4 57. Ke4 Nd6+ 1/2-1/2

[Event "Tasnad op"]
[Site "Tasnad"]
[Date "2018.09.11"]
[Round "1"]
[White "Szabo, Attila"]
[Black "Herlea, Ioan"]
[Result "1-0"]
[WhiteElo "2282"]
[BlackElo "1372"]
[PlyCount "47"]
[EventDate "2018.09.11"]
[EventType "swiss"]
[EventRounds "9"]
[EventCountry "ROU"]
[SourceTitle "CBM 186 Extra"]
[Source "ChessBase"]
[SourceDate "2018.08.24"]
[SourceVersion "1"]
[SourceVersionDate "2018.08.24"]
[SourceQuality "1"]

1. d4 d5 2. Nf3 c6 3. e3 f6 4. c4 Bg4 5. Nc3 e6 6. h3 Bxf3 7. Qxf3 Bb4 8. Bd2 Ne7 9. a3 Bxc3 10. Bxc3 Nd7 11. e4 Qc7 12. Bd3 0-0-0 13. 0-0 Rdf8 14. Rfe1 Ng6 15. exd5 e5 16. dxc6 Qxc6 17. Qxc6+ bxc6 18. Bxg6 hxg6 19. dxe5 Re8 20. exf6 Nxf6 21. b4 Rh4 22. Bxf6 Rxe1+ 23. Rxe1 Rxc4 24. Bxg7 1-0

[Event "EU-Cup 32nd"]
[Site "Novi Sad"]
[Date "2016.11.11"]
[Round "6.6"]
[White "Szabo, Attila"]
[Black "Vujacic, Borivoje"]
[Result "1/2-1/2"]
[WhiteElo "2312"]
[BlackElo "2240"]
[PlyCount "117"]
[EventDate "2016.11.06"]
[EventType "team-swiss"]
[EventRounds "7"]
[EventCountry "SRB"]
[SourceTitle "CBM 176"]
[Source "ChessBase"]
[SourceDate "2017.01.17"]
[SourceVersion "1"]
[SourceVersionDate "2017.01.17"]
[SourceQuality "1"]
[WhiteTeam "Baia Mare"]
[BlackTeam "Crvena Zvezda"]
[WhiteTeamCountry "ROU"]
[BlackTeamCountry "SRB"]

1. e4 c5 2. Nf3 d6 3. d4 Nf6 4. Nc3 cxd4 5. Nxd4 a6 6. Bg5 e6 7. Qd2 Be7 8. 0-0-0 b5 9. f3 0-0 10. a3 Qc7 11. Be3 Nc6 12. g4 Nxd4 13. Bxd4 Bb7 14. h4 e5 15. Be3 d5 16. g5 d4 17. gxf6 Bxf6 18. Nd5 Bxd5 19. exd5 dxe3 20. Qxe3 Rad8 21. Kb1 h5 22. Qe4 g6 23. c4 Qb6 24. cxb5 axb5 25. Qb4 Rb8 26. d6 Rfd8 27. Bh3 Qf2 28. Bf1 Qxf3 29. Bxb5 Qf5+ 30. Ka1 e4 31. a4 Qe5 32. Rhe1 e3 33. Re2 Rb6 34. d7 Kg7 35. Qc4 Re6 36. Ka2 Qf5 37. Rd3 Re4 38. Qb3 Bd4 39. Qa3 Rxh4 40. Qd6 Qc5 41. Qxc5 Bxc5 42. Rc3 Bb6 43. Rc6 Ba5 44. Rxe3 Rxd7 45. Rxg6+ fxg6 46. Bxd7 Rd4 47. Be8 h4 48. Re6 Rg4 49. Re5 Bc7 50. Rc5 Bb6 51. Rc6 Bg1 52. Rc3 g5 53. a5 Re4 54. Bc6 Rf4 55. a6 g4 56. Rc1 Bb6 57. Rh1 h3 58. Bd7 Kf6 59. Bxg4 1/2-1/2

[Event "EU-Cup 32nd"]
[Site "Novi Sad"]
[Date "2016.11.10"]
[Round "5.6"]
[White "Sasikiran, Krishnan"]
[Black "Szabo, Attila"]
[Result "1-0"]
[WhiteElo "2654"]
[BlackElo "2312"]
[PlyCount "79"]
[EventDate "2016.11.06"]
[EventType "team-swiss"]
[EventRounds "7"]
[EventCountry "SRB"]
[SourceTitle "CBM 176"]
[Source "ChessBase"]
[SourceDate "2017.01.17"]
[SourceVersion "1"]
[SourceVersionDate "2017.01.17"]
[SourceQuality "1"]
[WhiteTeam "Novy Bor"]
[BlackTeam "Baia Mare"]
[WhiteTeamCountry "CZE"]
[BlackTeamCountry "ROU"]

1. e4 c5 2. Nf3 Nc6 3. d4 cxd4 4. Nxd4 Nf6 5. Nc3 d6 6. Bg5 e6 7. Qd2 a6 8. 0-0-0 Be7 9. f4 Qc7 10. Kb1 Bd7 11. Nf3 0-0-0 12. Bd3 h6 13. Bh4 Kb8 14. Qe1 Bc8 15. Bf2 Qa5 16. Qg1 Nd7 17. Nd2 b5 18. Nb3 Qc7 19. a4 bxa4 20. Nxa4 Bb7 21. Qe1 g5 22. g3 h5 23. Qe3 Rdg8 24. Rd2 h4 25. Rhd1 hxg3 26. hxg3 gxf4 27. gxf4 e5 28. Qe2 Qc8 29. fxe5 Ndxe5 30. Nb6 Qg4 31. Bxa6 Qxe2 32. Bxe2 Nb4 33. Nd5 Nxd5 34. exd5 f5 35. Na5 f4 36. Rd4 Rh2 37. Rxf4 Rf8 38. Rb4 Rfxf2 39. Rxb7+ Kc8 40. Ba6 1-0

[Event "Zalakaros op 35th"]
[Site "Zalakaros"]
[Date "2016.05.29"]
[Round "3"]
[White "Konopka, Michal"]
[Black "Szabo, Attila"]
[Result "0-1"]
[WhiteElo "2418"]
[BlackElo "2315"]
[PlyCount "64"]
[EventDate "2016.05.27"]
[EventType "swiss"]
[EventRounds "9"]
[EventCountry "HUN"]
[SourceTitle "CBM 172 Extra"]
[Source "ChessBase"]
[SourceDate "2016.06.21"]
[SourceVersion "1"]
[SourceVersionDate "2016.06.21"]
[SourceQuality "1"]

1. Nf3 c5 2. c4 Nc6 3. Nc3 g6 4. e3 Bg7 5. d4 cxd4 6. exd4 d6 7. d5 Nb8 8. h3 Nf6 9. Be2 0-0 10. 0-0 Na6 11. Be3 Nc5 12. Rc1 a5 13. Re1 Re8 14. Bf1 Bd7 15. Nd4 a4 16. Ndb5 Qa5 17. Bd4 Bxb5 18. Nxb5 Nh5 19. Rc3 Bxd4 20. Qxd4 Ng7 21. g4 e5 22. dxe6 Rxe6 23. Rxe6 Ngxe6 24. Qe3 Rd8 25. Bg2 Rd7 26. Rc2 Qd8 27. Rd2 Nc7 28. Nc3 Qf6 29. Nxa4 Nxa4 30. Qa7 Nc5 31. Qb6 Qf4 32. Rc2 Re7 0-1

[Event "Zalakaros op 35th"]
[Site "Zalakaros"]
[Date "2016.05.27"]
[Round "1"]
[White "Mihok, Oliver"]
[Black "Szabo, Attila"]
[Result "1-0"]
[WhiteElo "2498"]
[BlackElo "2315"]
[PlyCount "33"]
[EventDate "2016.05.27"]
[EventType "swiss"]
[EventRounds "9"]
[EventCountry "HUN"]
[SourceTitle "CBM 172 Extra"]
[Source "ChessBase"]
[SourceDate "2016.06.21"]
[SourceVersion "1"]
[SourceVersionDate "2016.06.21"]
[SourceQuality "1"]

1. e4 e5 2. Nf3 Nc6 3. Nc3 d6 4. h3 Nf6 5. d4 exd4 6. Nxd4 Be7 7. Bc4 0-0 8. 0-0 Re8 9. Re1 a6 10. a4 Bd7 11. Be3 Bf8 12. Bg5 h6 13. Bh4 Nxd4 14. Qxd4 Be7 15. Rad1 Bc6 16. b4 b6 17. Bxf7+ 1-0

[Event "HUN-chT2 Asztalos 1516"]
[Site "Hungary"]
[Date "2016.02.14"]
[Round "7.6"]
[White "Illes, Attila"]
[Black "Szabo, Attila"]
[Result "1-0"]
[WhiteElo "1976"]
[BlackElo "1927"]
[PlyCount "47"]
[EventDate "2015.09.13"]
[EventType "team-tourn"]
[EventRounds "11"]
[EventCountry "HUN"]
[SourceTitle "EXT 2017"]
[Source "ChessBase"]
[SourceDate "2016.10.25"]
[SourceVersion "1"]
[SourceVersionDate "2016.10.25"]
[SourceQuality "1"]
[WhiteTeam "Kaposvar Bastya"]
[BlackTeam "Szentlorinc"]
[WhiteTeamCountry "HUN"]
[BlackTeamCountry "HUN"]

1. Nf3 d5 2. g3 Bf5 3. Bg2 Nf6 4. 0-0 e6 5. d4 Be7 6. c4 dxc4 7. Qa4+ c6 8. Qxc4 0-0 9. Nc3 Nbd7 10. Nh4 Nb6 11. Qb3 Bg4 12. Rd1 Nfd5 13. Nf3 Bf6 14. Ne4 Be7 15. Nc5 Rb8 16. e4 Nc7 17. Be3 Nb5 18. a4 Nd6 19. Rac1 Nd7 20. Nxd7 Bxf3 21. Bxf3 Qxd7 22. d5 b5 23. dxc6 bxa4 24. Qxb8 1-0

[Event "HUN-chT2 Asztalos 1415"]
[Site "Hungary"]
[Date "2015.04.26"]
[Round "9.8"]
[White "Szabo, Attila"]
[Black "Horvath, Ferenc"]
[Result "1-0"]
[WhiteElo "1943"]
[BlackElo "1567"]
[PlyCount "73"]
[EventDate "2014.10.12"]
[EventType "team-tourn"]
[EventRounds "9"]
[EventCountry "HUN"]
[SourceTitle "EXT 2016"]
[Source "ChessBase"]
[SourceDate "2015.10.08"]
[SourceVersion "1"]
[SourceVersionDate "2015.10.08"]
[SourceQuality "1"]
[WhiteTeam "Szentlorinc"]
[BlackTeam "Kaposvar Bastya"]
[WhiteTeamCountry "HUN"]
[BlackTeamCountry "HUN"]

1. e4 e6 2. d4 d5 3. e5 c5 4. c3 cxd4 5. cxd4 Nc6 6. f4 Nge7 7. Nf3 Qb6 8. Nc3 Nf5 9. Bb5 Bd7 10. Bxc6 Bxc6 11. 0-0 Bb4 12. g4 Ne7 13. Kg2 Rc8 14. f5 exf5 15. Ng5 h6 16. Nxf7 Kxf7 17. gxf5 Ke8 18. f6 gxf6 19. Rxf6 Rg8+ 20. Kf2 Bxc3 21. bxc3 Qd8 22. Qh5+ Kd7 23. Rd6+ Kc7 24. Rxd8 Rcxd8 25. Ba3 Rdf8+ 26. Ke3 Rg5 27. Bd6+ Kd8 28. Bxe7+ Kxe7 29. Qxh6 Rgf5 30. Rg1 Rf3+ 31. Kd2 Rf2+ 32. Ke1 R2f7 33. Qd6+ Ke8 34. e6 Rf4 35. Qb8+ Ke7 36. Rg7+ R4f7 37. Rxf7+ 1-0

[Event "ROM-ch"]
[Site "Targu Mures"]
[Date "2014.05.04"]
[Round "11"]
[White "Szabo, Attila"]
[Black "Senetia, Teodor"]
[Result "1-0"]
[WhiteElo "2306"]
[BlackElo "2148"]
[PlyCount "79"]
[EventDate "2014.04.26"]
[EventType "swiss"]
[EventRounds "11"]
[EventCountry "ROU"]
[SourceTitle "CBM 160 Extra"]
[Source "ChessBase"]
[SourceDate "2014.07.01"]
[SourceVersion "1"]
[SourceVersionDate "2014.07.01"]
[SourceQuality "1"]

1. e4 c5 2. Nf3 d6 3. Bb5+ Nd7 4. 0-0 Ngf6 5. Re1 a6 6. Bxd7+ Bxd7 7. d4 cxd4 8. Qxd4 g6 9. c4 Bg7 10. Nc3 0-0 11. Bg5 h6 12. Bh4 Ng4 13. Qd3 Ne5 14. Nxe5 Bxe5 15. Rac1 b5 16. cxb5 axb5 17. a3 Be6 18. Qd2 g5 19. Bg3 Bxg3 20. hxg3 Qb6 21. Nd5 Bxd5 22. exd5 Qb7 23. f4 f6 24. Rc6 Rf7 25. Kh2 Ra4 26. Qc2 Kg7 27. Rc7 Qxd5 28. Rexe7 gxf4 29. Rxf7+ Qxf7 30. Rxf7+ Kxf7 31. Qb3+ Ke7 32. gxf4 Re4 33. g3 f5 34. Qxb5 Ke6 35. a4 h5 36. a5 h4 37. a6 hxg3+ 38. Kxg3 Re3+ 39. Kf2 Re4 40. Kf3 1-0

[Event "ROM-ch"]
[Site "Targu Mures"]
[Date "2014.05.03"]
[Round "10"]
[White "Martian, Dragos Daniel"]
[Black "Szabo, Attila"]
[Result "0-1"]
[WhiteElo "2188"]
[BlackElo "2306"]
[PlyCount "172"]
[EventDate "2014.04.26"]
[EventType "swiss"]
[EventRounds "11"]
[EventCountry "ROU"]
[SourceTitle "CBM 160 Extra"]
[Source "ChessBase"]
[SourceDate "2014.07.01"]
[SourceVersion "1"]
[SourceVersionDate "2014.07.01"]
[SourceQuality "1"]

1. e4 e5 2. Nf3 Nc6 3. Bc4 Be7 4. 0-0 Nf6 5. d3 0-0 6. Re1 d6 7. a4 h6 8. a5 a6 9. h3 Nh7 10. Nc3 Ng5 11. Bxg5 Bxg5 12. Nd5 Bf6 13. b4 Be6 14. Bb3 Bxd5 15. exd5 Nd4 16. c3 Nxf3+ 17. Qxf3 g6 18. Ra2 Bg7 19. c4 f5 20. c5 Kh7 21. Bc4 Qh4 22. c6 bxc6 23. dxc6 Qd4 24. Qd5 Qc3 25. Rb1 e4 26. dxe4 fxe4 27. Re2 Bd4 28. Rd1 Ba7 29. Qxe4 Rae8 30. Qc2 Qxb4 31. Rxe8 Rxe8 32. Kh2 Re7 33. Ba2 Qf4+ 34. Kg1 h5 35. Rf1 Re5 36. Bb1 Qf7 37. Kh1 Rxa5 38. f4 Bb6 39. Qe2 Kg7 40. Qb2+ Qf6 41. Qe2 Qf7 42. Qb2+ Qf6 43. Qe2 Qf7 44. Bd3 Ra2 45. Qe4 Qf6 46. Qe8 Ra1 47. Bb1 h4 48. Kh2 Bd4 49. Qd7+ Qf7 50. Qg4 Bf6 51. Rd1 Ra4 52. Kh1 a5 53. Re1 Be5 54. Bxg6 Qxf4 55. Bh5+ Qxg4 56. Bxg4 Rb4 57. Kg1 a4 58. Kf1 a3 59. Be6 Kf6 60. Ba2 Rb2 61. Re2 Rxa2 62. Rxa2 Bb2 63. g3 hxg3 64. Kg2 Kg5 65. Kxg3 d5 66. h4+ Kh5 67. Kh3 d4 68. Kg3 Kg6 69. Kg4 Kh6 70. Kf4 Kh5 71. Kg3 d3 72. Kf3 Kxh4 73. Ke3 Kg4 74. Kxd3 Kf5 75. Kc4 Ke6 76. Kb5 Kd5 77. Kb4 Kxc6 78. Kc4 Kd6 79. Kb5 Kd5 80. Kb4 Kd4 81. Kb3 c6 82. Kb4 c5+ 83. Kb3 Kd3 84. Rxb2 axb2 85. Kxb2 c4 86. Kc1 Kc3 0-1

[Event "ROM-ch"]
[Site "Targu Mures"]
[Date "2014.05.02"]
[Round "9"]
[White "Szabo, Attila"]
[Black "Sava, Bogdan"]
[Result "1/2-1/2"]
[WhiteElo "2306"]
[BlackElo "2113"]
[PlyCount "103"]
[EventDate "2014.04.26"]
[EventType "swiss"]
[EventRounds "11"]
[EventCountry "ROU"]
[SourceTitle "CBM 160 Extra"]
[Source "ChessBase"]
[SourceDate "2014.07.01"]
[SourceVersion "1"]
[SourceVersionDate "2014.07.01"]
[SourceQuality "1"]

1. c4 Nf6 2. Nf3 c5 3. g3 g6 4. Bg2 Bg7 5. 0-0 0-0 6. d4 cxd4 7. Nxd4 Nc6 8. Nc3 a6 9. e3 Qc7 10. b3 d6 11. Bb2 Bd7 12. Rc1 Qa5 13. Qd2 Rac8 14. Rfd1 Rfe8 15. h3 Rb8 16. a3 Rec8 17. Kh2 Kf8 18. Nce2 Kg8 19. Nf4 Re8 20. Nd5 Nxd5 21. cxd5 Na7 22. h4 h5 23. Bh3 Bxh3 24. Kxh3 Rbc8 25. b4 Qd8 26. Kg2 Qd7 27. Ne2 Bxb2 28. Qxb2 Qf5 29. Qb3 Rxc1 30. Rxc1 Rc8 31. Rxc8+ Qxc8 32. a4 Qc7 33. e4 Nc8 34. Qc3 Qxc3 35. Nxc3 Kf8 36. Kf3 Ke8 37. Kf4 Nb6 38. Kg5 Kf8 39. Kh6 Nd7 40. a5 Ne5 41. f4 Ng4+ 42. Kh7 Nf6+ 43. Kh8 Nd7 44. Nd1 Nf6 45. Nf2 Nd7 46. g4 hxg4 47. Nxg4 f5 48. Ne3 fxe4 49. Kh7 Kf7 50. Kh6 Kf6 51. Kh7 Kf7 52. Kh6 1/2-1/2

[Event "ROM-ch"]
[Site "Targu Mures"]
[Date "2014.05.01"]
[Round "8"]
[White "Manolache, Marius"]
[Black "Szabo, Attila"]
[Result "1-0"]
[WhiteElo "2510"]
[BlackElo "2306"]
[PlyCount "73"]
[EventDate "2014.04.26"]
[EventType "swiss"]
[EventRounds "11"]
[EventCountry "ROU"]
[SourceTitle "CBM 160 Extra"]
[Source "ChessBase"]
[SourceDate "2014.07.01"]
[SourceVersion "1"]
[SourceVersionDate "2014.07.01"]
[SourceQuality "1"]

1. d4 Nf6 2. c4 c5 3. d5 e5 4. Nc3 d6 5. e4 Be7 6. Be2 0-0 7. h3 Nbd7 8. Nf3 a6 9. a3 Rb8 10. Qc2 Ne8 11. 0-0 g6 12. Bh6 Ng7 13. Qd2 Nf6 14. Rfe1 Kh8 15. b4 b6 16. Rab1 Bd7 17. bxc5 bxc5 18. Nxe5 dxe5 19. d6 Rxb1 20. Rxb1 Bc6 21. dxe7 Qxe7 22. Bg5 Ne6 23. Bxf6+ Qxf6 24. Qd6 Rc8 25. Nd5 Qg5 26. h4 Qxh4 27. Qxe5+ Kg8 28. g3 Qd8 29. Nf6+ Kh8 30. Nd5+ Kg8 31. Kg2 h5 32. Rd1 Bxd5 33. cxd5 Nd4 34. Bxa6 Ra8 35. Bc4 Ra4 36. Rb1 f6 37. d6+ 1-0

[Event "ROM-ch"]
[Site "Targu Mures"]
[Date "2014.04.28"]
[Round "4"]
[White "Szabo, Attila"]
[Black "David, Alexandru Vasile"]
[Result "1-0"]
[WhiteElo "2306"]
[BlackElo "2166"]
[PlyCount "105"]
[EventDate "2014.04.26"]
[EventType "swiss"]
[EventRounds "11"]
[EventCountry "ROU"]
[SourceTitle "CBM 160 Extra"]
[Source "ChessBase"]
[SourceDate "2014.07.01"]
[SourceVersion "1"]
[SourceVersionDate "2014.07.01"]
[SourceQuality "1"]

1. e4 c6 2. d4 d5 3. Nc3 dxe4 4. Nxe4 Bf5 5. Ng3 Bg6 6. Nf3 Nd7 7. Bd3 e6 8. 0-0 Ngf6 9. c4 Be7 10. b3 Qc7 11. Bb2 Bxd3 12. Qxd3 0-0 13. Rfd1 a5 14. Rac1 Qb6 15. a3 Rad8 16. Qc2 Rfe8 17. Rd3 Qa6 18. Rcd1 Nf8 19. Ne5 Ng6 20. Nxg6 hxg6 21. a4 Bf8 22. Nf1 Qb6 23. Nd2 Qc7 24. Nf3 Qf4 25. Bc3 b6 26. Qe2 Qc7 27. h3 c5 28. Ne5 cxd4 29. Bxd4 Bc5 30. Bxc5 Rxd3 31. Rxd3 Qxc5 32. Nd7 Qb4 33. Qe3 Nxd7 34. Rxd7 Qc5 35. Rb7 Rd8 36. Qxc5 Rd1+ 37. Kh2 bxc5 38. Rb8+ Kh7 39. Rb5 Rd3 40. Rxc5 Rxb3 41. Rxa5 Rb4 42. c5 Rc4 43. Kg3 e5 44. Kf3 f5 45. Ke3 e4 46. f3 Rc3+ 47. Kd2 Rd3+ 48. Ke2 Kh6 49. fxe4 fxe4 50. Rb5 Rc3 51. a5 Kg5 52. a6 Kf4 53. Ra5 1-0